000 00779nam a2200253Ia 4500
003 OSt
005 20221005084526.0
006 a|||||r|||| 00| 0
007 ta
008 221004b |||||||| |||| 00| 0 eng d
020 _a0385721404 (pbk)
_c854.92
024 _a95451
037 _b087, 24/02/2009, Standard Book House
_cTextual
040 _aCRL
_cCRL
_beng
041 _2eng
_aeng
082 _aV1(Q6):19.N, P1
100 _aArmstrong Karen
245 0 _aHoly war
_b The crusades and their impact on today's world
260 _aNew York
_bAnchor Books U.S.Aq
_c2001
300 _axviii, 628p.
_ccm.
650 _aHISTORY
942 _hV1(Q6):19.N, P1
_cTEXL
_2cc
999 _c992740
_d992740